000 00591naa a2200217 i 4500
001 16574
003 ES-MaBCM
005 20241016093708.0
008 911118s1991 gbr 000 0 eng d
021 _axx
035 _a(OCoLC)1365166631
040 _cES-MaBCM
041 0 _aeng
043 _agbr
100 1 _aManor, James
_928685
245 1 0 _aIndia
_b: the misconceptions and the reality
_cJames Manor
651 2 4 _aIndia
_9115810
650 2 7 _aSituación política
_960283
773 0 _aEn:
_tThe world today
_dLondon : 1991
_w104754
_gnº 1, noviembre ; p. 193-196
942 _cAREV
999 _c16574
_d16574